Sports Quiz

Random Sports Quiz

UEFA Europa League Winners' Starting XI Quiz Stats

 Plays Quiz not verified by Sporcle

Score 0/286 Timer 20:00
0 Plays Today
% Correct
Diego Costa
89.6%
Diego Godín
88.6%
Petr Čech
88.1%
Kepa Arrizabalaga
87.2%
Eden Hazard
87.2%
Jan Oblak
86.2%
Antoine Griezmann
86%
Fernando Torres
85.4%
David Luiz
85.2%
Koke
82.8%
César Azpilicueta
81.2%
Olivier Giroud
80.9%
Steven Gerrard
80.7%
Gary Cahill
79.8%
Pedro
79.5%
Frank Lampard
79.1%
Sergio Romero
78.9%
Falcao
78.9%
Paul Pogba
78.6%
Marcus Rashford
78.5%
N'Golo Kanté
77.8%
Juan Mata
77.6%
Chris Smalling
77.5%
Jorge Costa
76.1%
Branislav Ivanović
75.5%
Falcao
75.3%
Michael Owen
74.6%
Curro Torres
74.5%
Gianluigi Buffon
74.4%
Ashley Cole
74.2%
Juan Mata
74.2%
Diego Godín
73.7%
Deco
73.6%
David Luiz
73.4%
Ricardo Carvalho
72.9%
Daniel Carvalho
72.6%
Jamie Carragher
71.9%
Antonio Valencia
71.7%
Oliver Kahn
71.3%
Thibaut Courtois
71.3%
Saúl Ñíguez
71.1%
Jorginho
69.5%
Gabi
67.8%
Sami Hyypiä
66.6%
Diego Forlán
66.5%
David de Gea
66.4%
Filipe Luís
66.3%
Paulo Ferreira
65.3%
José Giménez
65.1%
Ronaldo
65%
Vítor Baía
64.9%
Ander Herrera
64.9%
Daley Blind
64.9%
Andrei Arshavin
64.4%
Sergio Agüero
64.1%
Frédéric Kanouté
63.9%
Santiago Cañizares
63.8%
Adil Rami
62.7%
Ramires
62.6%
César Azpilicueta
62.1%
Hernán Crespo
61.8%
Oscar
61.7%
Lucas Hernández
61.5%
Vicente
61.4%
Juanfran
60.8%
Hulk
60.2%
Andreas Christensen
60.1%
Daniel Alves
59.7%
Daniel Alves
59.7%
Maniche
59.7%
Hakan Şükür
59.3%
Emile Heskey
59.1%
Igor Akinfeev
58.8%
Gabi
58.1%
Javier Zanetti
58%
Willian
56.9%
Emerson Palmieri
56.4%
Mateo Kovačić
55.3%
Kévin Gameiro
55.2%
Luís Fabiano
54.8%
Luís Fabiano
54.8%
Marouane Fellaini
54.8%
Matteo Darmian
54.8%
Fabio Cannavaro
54.6%
Lothar Matthäus
54.2%
Lilian Thuram
54.1%
Dino Baggio
53.3%
Dino Baggio
53.3%
Luiz Adriano
53.2%
Carlos Bacca
53.1%
Miranda
52.7%
Carlos Bacca
52.6%
Adriano
51.6%
Adriano
51.6%
Dietmar Hamann
51.5%
Vágner Love
51.4%
% Correct
Andrés Palop
51.4%
Andrés Palop
51.4%
Costinha
51.1%
Taribo West
50.8%
Adrián
50.3%
Sander Westerveld
49%
Antonio López
48.9%
Rubén Baraja
48.9%
David Albelda
48.8%
Derlei
47.6%
Gianluca Pagliuca
47.5%
Raúl García
47.3%
Jürgen Klinsmann
46.5%
Coke
46.3%
Jesús Navas
46.3%
José Luis Martí
46.1%
José Luis Martí
46.1%
José Antonio Reyes
46%
Darijo Srna
45.9%
Markus Babbel
45.1%
Markus Babbel
45.1%
José Antonio Reyes
44.8%
Arda Turan
44.7%
José Antonio Reyes
44.6%
Mehmet Scholl
43.8%
Helton
43.7%
Roberto Ayala
43.6%
Sergio Rico
43.5%
Stéphane Henchoz
43.4%
Éver Banega
43.2%
Juan Sebastián Verón
42.8%
Nuno Valente
42.7%
Éver Banega
42.6%
Pierre van Hooijdonk
42.3%
Henrikh Mkhitaryan
41.9%
Fernandinho
41.3%
Iván Zamorano
40.7%
João Moutinho
40.6%
Robin van Persie
40.6%
Gary McAllister
40.1%
Ivan Rakitić
39.6%
Steven N'Zonzi
39.1%
Danny Murphy
38.9%
Vitolo
38.3%
Vitolo
38.3%
Coke
38.2%
Šime Vrsaljko
37.9%
Diego
37.8%
Vasili Berezutski
37.3%
Aleksei Berezutski
37.3%
Gheorghe Hagi
37.2%
Bonaventure Kalou
37%
Taffarel
36.8%
Thomas Linke
36.8%
Vyacheslav Malafeev
35.5%
Beto
35.5%
Yuri Zhirkov
35.3%
Carlos Marchena
35.3%
Giuseppe Bergomi
34.9%
Miguel Ángel Angulo
34.7%
Mista
34.6%
Andriy Pyatov
33.9%
Jon Dahl Tomasson
33.5%
Youri Djorkaeff
32.6%
Ángel Correa
32.5%
Diego Simeone
32.4%
Amedeo Carboni
32.4%
Dmitri Alenichev
32.1%
Vitolo
32.1%
Simão Sabrosa
32%
Gianfranco Zola
31.6%
Grzegorz Krychowiak
31.3%
Mario Suárez
31%
Fernando
30.5%
Grzegorz Krychowiak
30.1%
Jens Lehmann
30%
Enrico Chiesa
30%
Julien Escudé
29.9%
Christian Ziege
29.3%
Dennis Bergkamp
29.1%
Álvaro Pereira
28.2%
Antonio Puerta
27.9%
Javi Navarro
27.8%
Javi Navarro
27.8%
Sergei Ignashevich
27.4%
Walter Zenga
26.8%
Benoît Trémoulinas
26.1%
Igor Denisov
26.1%
Roberto Néstor Sensini
26.1%
Tomáš Ujfaluši
26%
Răzvan Raţ
25.9%
Luis Perea
25.8%
Enzo Maresca
25.6%
Enzo Maresca
25.6%
Faustino Asprilla
25.2%
Aron Winter
24.5%
% Correct
Paul Bosvelt
24.4%
Silvestre Varela
24.2%
Thomas Helmer
23.8%
Jádson
23.7%
Andreas Müller
23.7%
Aleksandr Anyukov
23.5%
Mariano
23.4%
Rolando
23.3%
Francisco Rufete
23.3%
Alberto Moreno
23.3%
Stéphane Mbia
23.3%
Daniel Carriço
23.2%
Gheorghe Popescu
23.2%
Daniel Carriço
23.1%
Anatoliy Tymoshchuk
22.9%
Daniel Carriço
22.9%
Nicolás Otamendi
22.6%
Sergio Escudero
22.3%
Stéphane Mbia
21.6%
Shinji Ono
21.1%
Dmytro Chygrynskiy
21.1%
Antonio Benarrivo
21%
Javier Saviola
21%
Ümit Davala
20.8%
Alain Boghossian
20.8%
Fernando Couto
20.8%
Marc Wilmots
20.6%
Aleix Vidal
20.2%
Federico Fazio
20.1%
Ivica Dragutinović
19.8%
Diego Fuser
19.5%
Fredy Guarín
19%
Nicolás Pareja
18%
Wim Jonk
17.9%
Nicola Berti
17.7%
Christian Poulsen
17.7%
Olaf Thon
17.5%
Konstantin Zyryanov
17.2%
Roman Shirokov
17.1%
Álvaro Domínguez
17%
Rubén Sosa
16.9%
Okan Buruk
16.7%
Luca Bucci
16.6%
Paulo Assunção
16.5%
Timothée Kolodziejczak
16.3%
Martin Max
16%
Ivica Olić
15.8%
Bülent Korkmaz
15.6%
Patrick Paauwe
15.5%
Cristian Săpunaru
15.4%
Capucho
15.1%
David Soria
15%
Ilsinho
14.9%
Thomas Strunz
14.6%
Edwin Zoetebier
14.4%
Fatih Tekke
14.1%
Oleksandr Kucher
13.6%
Arif Erdem
13.4%
Francesco Colonnese
13.4%
Stefano Fiore
12.9%
Ciriaco Sforza
12.7%
Mariusz Lewandowski
12.6%
Capone
12%
Tomasz Rząsa
12%
Salvatore Fresi
11.9%
Zé Elias
11.9%
Christian Gyan
11.7%
Kees van Wonderen
11.7%
Evgeni Aldonin
11.5%
Ergün Penbe
11.3%
Viktor Fayzulin
10.9%
Emil Kostadinov
10.4%
Jiří Němec
10.3%
Radek Sírl
10.2%
Dieter Frey
10%
Elvir Rahimić
10%
Paolo Vanoli
9.2%
Ivica Križanac
9.2%
Lorenzo Minotti
9%
Chidi Odiah
8.8%
Radoslav Látal
8.7%
Suat Kaya
8.4%
Massimo Crippa
8.4%
Antonio Paganin
7.8%
Yves Eigenrauch
7.7%
Johan de Kock
7.2%
Mike Büskens
7.2%
Alberto Di Chiara
7.2%
Angelo Orlando
6.4%
Davide Fontolan
6.4%
David Castedo
6.1%
Sergio Battistini
5.8%
Antonio Manicone
4.8%
Massimo Susic
4.6%

You're not logged in!

Compare scores with friends on all Sporcle quizzes.
OR
Log In

Show Comments

Extras

Top Quizzes Today


Score Distribution

Your Account Isn't Verified!

In order to create a playlist on Sporcle, you need to verify the email address you used during registration. Go to your Sporcle Settings to finish the process.

Report this User

Report this user for behavior that violates our Community Guidelines.

Details: